Desarrollo del lenguaje: manual para profesionales de la intervención en ambientes educativos
Salvato in:
| Autore principale: | |
|---|---|
| Natura: | Libro |
| Lingua: | spagnolo |
| Pubblicazione: |
Barcelona
Octaedro
2000
|
| Edizione: | 3a. ed |
| Serie: | Colección Recursos, 36
|
| Soggetti: | |
| Tags: |
Aggiungi Tag
Nessun Tag, puoi essere il primo ad aggiungerne!!
|
MARC
| LEADER | 00000nam a2200000 a 4500 | ||
|---|---|---|---|
| 001 | UCN3045 | ||
| 003 | CL-VaPUC | ||
| 008 | 010615e20000000SP |||||||||||||||||spa|d | ||
| 082 | 0 | 4 | |a 372.6 |b CLE |2 21 |
| 100 | 0 | |a Clemente Estevan, Rosa Ana |e author |9 459458 | |
| 245 | 1 | 0 | |a Desarrollo del lenguaje: manual para profesionales de la intervención en ambientes educativos |
| 250 | |a 3a. ed | ||
| 300 | |a 213 p | ||
| 942 | |c BK | ||
| 945 | |d 20010615 00:00:00 |a vberengu | ||
| 260 | |a Barcelona |b Octaedro |c 2000 | ||
| 650 | 7 | |a HABLA |2 CL-VaPUC |9 311668 | |
| 650 | 0 | |a Morfología |9 334440 | |
| 650 | 0 | |a Lingüística |9 265068 | |
| 650 | 0 | |a Enseñanza del lenguaje |9 373325 | |
| 583 | |a last modification |c 20010615 00:00:00 |k Rodrigo Vera | ||
| 490 | 0 | |a Colección Recursos, 36 | |
| 999 | |c 296056 |d 296054 | ||
| 952 | |0 0 |1 0 |4 0 |6 372_600000000000000_CLE_2000 |7 0 |8 A |9 349550 |a BIBEDU |b BIBEDU |c ES_NOD |d 2019-11-20 |i 3733084 |o 372.6 CLE 2000 |p 3733084 |r 2023-08-09 |w 2019-11-20 |y BK |k EPE | ||